000 00678nam a2200193 i 4500
001 80669
003 ES-MaACL
005 20230906174252.0
007 t|
008 041029s1964 sp ||||1| spa d
100 1 _aHolasek, A.
_963990
245 1 0 _aMétodos quelométricos y otros métodos volumétricos de análisis clínicos /
_cA. Holasek, H. Flaschka ; [versión española por F. Bermejo Martínez y A. Prieto Bouza].
260 _aBarcelona :
_bReverté,
_c1964.
300 _a121 p. :
_bil. ;
_c22 cm.
700 1 _aFlaschka, H.
_951131
700 1 _aBermejo Martínez, Francisco.
_928112
700 1 _aPrieto Bouza, A.
_993916
852 _aES-MaACL
_jC-24994
_bR.53906
999 _c80669
_d80669